[Event "RUS-Cup07"]
[Site "Tomsk"]
[Date "1998.07.17"]
[Round "3"]
[White "Nikitin, Andrey"]
[Black "Vaulin, Alexander"]
[Result "1/2-1/2"]
[WhiteElo "2410"]
[BlackElo "2535"]
[Annotator "Huzman,A"]
[PlyCount "87"]
[EventDate "1998.07.15"]
[EventType "swiss"]
[EventRounds "9"]
[EventCountry "RUS"]
[SourceTitle "CBM 067"]
[Source "ChessBase"]
[SourceDate "1998.11.30"]
[SourceVersion "2"]
[SourceVersionDate "1998.11.01"]
[SourceQuality "1"]

1. d4 d5 2. c4 dxc4 3. Nf3 a6 4. e3 e6 5. Bxc4 c5 6. O-O Nf6 7. b3 Nc6 8. Bb2
cxd4 9. Nxd4 Nxd4 10. Bxd4 Be7 11. Be2 $1 {[%cal Ge2f3,Gf3b7]} Bd7 (11... O-O
12. Bf3 Nd5 13. Nc3 $14 {/+/-}) 12. Bf3 Bb5 13. Re1 (13. Bxb7 $2 Rb8 14. Bf3
Bxf1 15. Bc6+ Nd7 (15... Kf8 16. Qxf1 $44) 16. Qxf1 O-O 17. Qxa6 Rc8 $17) 13...
Qd7 14. Nc3 O-O (14... Bc6 15. Rc1 $1 (15. Bxf6 Bxf6 (15... Qxd1 16. Bxc6+ bxc6
17. Rexd1 Bxf6 18. Rac1 $16) 16. Qxd7+ Kxd7 (16... Bxd7 17. Rac1 Rc8 (17... Rb8
18. Ne4 $36) 18. Ne4 Be7 19. Rxc8+ Bxc8 20. Rc1 $14) 17. Bxc6+ Kxc6 18. Rac1
Bxc3 19. Rxc3+ Kb6 20. Rec1 Rhd8 21. Rc7 Rd1+ $11) 15... Rc8 (15... Bxf3 $2 16.
Qxf3 O-O 17. Red1 $16) 16. Na4 $1 Bxa4 17. Rxc8+ Qxc8 18. bxa4 $36) 15. Na4 $5
(15. Nxb5 $1 axb5 (15... Qxb5 16. Qe2 Nd5 (16... Qxe2 17. Rxe2 Nd5 18. Rc1 Rac8
19. Rec2 $16) 17. Qxb5 axb5 $14) 16. Qe2 Nd5 17. Red1 $16) 15... Bxa4 16. bxa4
Nd5 17. Qb3 (17. Rb1 b5 18. axb5 axb5 19. Qb3 $14 {/=}) 17... b5 18. axb5 Qxb5
19. Rab1 Rfb8 $14 20. Rec1 Qxb3 21. Rxb3 (21. axb3 a5 $132) 21... Rxb3 22. axb3
a5 23. e4 Nb4 24. Kf1 $6 (24. Rc7 Bf8 25. Kf1 $14) 24... e5 $5 25. Bb6 (25. Ba1
f6 $11 {[%csl Ra1]}) 25... Bd8 26. Be3 h6 $1 {[%cal Yd8g5]} 27. Rc5 $1 Bb6 $1 (
27... f6 28. Rb5 $16 {[%cal Gf3e2,Ge2c4]}) 28. Rxe5 Bxe3 29. fxe3 a4 30. bxa4
Rxa4 31. Re8+ Kh7 32. e5 $16 Ra1+ 33. Kf2 (33. Ke2 Ra2+ 34. Kd1) 33... Nd3+ 34.
Kg3 Nc5 35. Re7 Kg8 36. Bd5 Rf1 37. Rc7 Ne6 38. Rc8+ Kh7 39. h4 $6 (39. Bxe6
fxe6 40. Rc6 $16) 39... Re1 40. Kf2 Ra1 41. Ra8 $2 (41. Bxe6 fxe6 42. Rc6)
41... Rxa8 42. Bxa8 Nc5 43. Kf3 Kg8 44. Bd5 1/2-1/2

[Event "Olympiad-33"]
[Site "Elista"]
[Date "1998.10.10"]
[Round "11.4"]
[White "Hebden, Mark"]
[Black "Kaidanov, Gregory S"]
[Result "0-1"]
[WhiteElo "2590"]
[BlackElo "2625"]
[Annotator "Huzman,A"]
[PlyCount "83"]
[EventDate "1998.09.29"]
[EventType "team-swiss"]
[EventRounds "13"]
[EventCountry "RUS"]
[SourceTitle "CBM 068"]
[Source "ChessBase"]
[SourceDate "1999.02.01"]
[SourceVersion "1"]
[SourceVersionDate "1999.02.01"]
[SourceQuality "1"]
[WhiteTeam "England"]
[BlackTeam "US of America"]
[WhiteTeamCountry "ENG"]
[BlackTeamCountry "USA"]

{[%mdl 36]} 1. d4 d5 2. c4 dxc4 3. Nf3 Nf6 4. e3 e6 5. Bxc4 c5 6. O-O a6 7. e4
Nxe4 8. d5 Be7 9. dxe6 Bxe6 10. Qxd8+ Bxd8 (10... Kxd8 11. Bxe6 fxe6 12. Re1
Nd6 13. Nc3 Nc6 14. Na4 Nf5 15. Ne5 {Aleksandrov,A-Waitzkin,J/New York op
19981-0 (48)} (15. Ng5 $1 $16)) 11. Bxe6 fxe6 12. Re1 Nf6 13. Rxe6+ (13. Ng5
O-O 14. Nxe6 Re8 15. Nc3 Nbd7 16. Bf4 Ba5 {1/2-1/2 Neikirkh,O-Clarke,P/Leipzig
olm fin-A 1960/EXT 99}) 13... Be7 14. Bg5 (14. Nc3 Nc6 15. Bf4 O-O 16. Rae1
Rfe8 17. Ne5 Nd8 18. Rb6 Bf8 19. Kf1 Re6 20. Nc4 Rxe1+ 21. Kxe1 Rc8 $14 {
1/2-1/2 Aleksandrov,A-Sadler,M/Open, Koge DEN (09) 1997 (61)}) 14... Nc6 15.
Nc3 (15. Bxf6 gxf6 16. Nc3 Kf7 17. Rae1 Rad8 $15) 15... Kf7 16. Rae1 Rhe8 $15 {
[%cal Yc6d4,Ye7f8]} 17. Bf4 h6 (17... Nd4 $2 18. Ng5+ Kf8 19. Rxe7 Rxe7 20. Bd6
Rae8 21. Bxc5 $18) 18. R6e2 (18. R6e3 Bf8 $15 {=}) (18. Na4 $5 Nd4 (18... g5
19. Bg3 g4 20. Nh4 Nd4 21. Rb6 $16) 19. Nxd4 cxd4 20. Nb6 Bc5 21. Rxe8 Rxe8 22.
Rxe8 Kxe8 23. Nc4 $11) 18... Nd4 19. Nxd4 cxd4 $36 20. Nb1 Nd5 $1 (20... d3 21.
Rd2 (21. Re5 Rad8 (21... Rac8 22. Nc3 Ba3 $5 23. Rxe8 Nxe8 24. Bc1 (24. Rd1
Bxb2 25. Nd5 $15) 24... Bc5 25. Kf1 $11) 22. Bd2 $15 (22. Nd2 Rc8 $1 $17 {
[%cal Yc8c2]}) 22... Ng4 23. R5e4) 21... Bb4 22. Rxe8 Rxe8 23. Rd1 Re2 $17) 21.
Bd2 (21. Be5 Bb4 (21... d3 22. Re4) 22. Rd1 Bd6 23. Rxd4 (23. f4 Nxf4 24. Bxf4
Rxe2 25. Bxd6 Rc8 $1 $17 (25... Rxb2 $17)) 23... Rac8 $1 24. g3 Rxe5 25. Rxe5
Bxe5 26. Rxd5 Rc1+ 27. Kg2 Ke6 $19) 21... Red8 $1 $17 {[%csl Rb1][%cal Ya8c8,
Yc8c2]} 22. Re4 (22. Rc1 Bf6 23. Ree1 d3 24. b3 Rac8 $17) 22... Bf6 23. h4 (23.
Kf1 Rac8 24. Na3 b5 $17) 23... Rac8 24. g4 g5 (24... d3 $5) 25. hxg5 hxg5 26.
Na3 b5 $1 {[%csl Ra3]} 27. b3 Rc6 28. Kf1 d3 $19 29. Rd1 (29. Nb1 $142) 29...
Be7 30. Nb1 Rh6 $1 $40 31. Kg2 Rdh8 32. Rxe7+ Nxe7 33. Be3 Nc6 34. Nd2 (34.
Rxd3 Rh2+ 35. Kf3 Ne5+ $19) 34... Rh2+ 35. Kf3 Ne5+ 36. Ke4 Nxg4 37. Nf3 Re8+
38. Kd4 Rd8+ 39. Ke4 Nxf2+ 40. Bxf2 Rxf2 41. Nxg5+ Kf6 42. Ra1 0-1

[Event "RUS-chT 11th"]
[Site "Sochi"]
[Date "2004.04.28"]
[Round "9.2"]
[White "Aleksandrov, Aleksej"]
[Black "Rublevsky, Sergei"]
[Result "1/2-1/2"]
[WhiteElo "2668"]
[BlackElo "2671"]
[Annotator "Huzman,A"]
[PlyCount "66"]
[EventDate "2004.04.20"]
[EventType "team-tourn"]
[EventRounds "9"]
[EventCountry "RUS"]
[SourceTitle "EXT 2020"]
[Source "ChessBase"]
[SourceDate "2019.10.17"]
[SourceVersion "1"]
[SourceVersionDate "2019.10.17"]
[SourceQuality "1"]
[WhiteTeam "Ekaterinburg Max Ven"]
[BlackTeam "Kazan Ladya"]
[WhiteTeamCountry "RUS"]
[BlackTeamCountry "RUS"]

1. d4 d5 2. c4 dxc4 3. Nf3 e6 4. e3 c5 5. Bxc4 a6 6. O-O Nf6 7. Bb3 b5 8. a4 b4
9. Nbd2 Be7 10. e4 cxd4 11. e5 Nfd7 12. Nc4 (12. Ne4 Nc6 13. Bf4 O-O (13... Bb7
14. Re1 Qa5 15. Nd6+ Bxd6 16. exd6 Qf5 17. Bg3 d3 18. Bc4 O-O 19. Bxd3 Qa5 20.
Rc1 Rac8 21. h4 $36 {1-0 Sasikiran,K-Tkachiev,V/Bastia FRA 2003/(34)}) 14. Rc1
Bb7 15. Qd3 Re8 16. Rfe1 Nf8 17. Bg3 Na5 18. Bc2 Qd5 19. Bb1 Nb3 20. Rc7 Nc5
21. Qd2 Nfd7 {1-0 Zhu Chen-Skripchenko Lautier,A/Bled 2002/EXT 2003 (56)} (
21... Qd8 $5 22. Rxc5 $140 Bxe4)) 12... Nc6 (12... Nc5 13. Nxd4 Bb7 14. Qg4 Bd5
15. Qxg7 Kd7 16. Nb6+ Qxb6 17. Bxd5 exd5 18. Qxh8 Qg6 19. Be3 Nd3 20. Rfd1 Nxb2
21. Rac1 Nxd1 22. Qc8# {1-0 Maric,A-Skripchenko Lautier,A/New Delhi 2000/CBM
79 ext (22)}) 13. Nxd4 (13. a5 Nc5 14. Ba4 Nxa4 15. Qxa4 Bd7 16. Qb3 O-O 17.
Rd1 Be8 {1/2-1/2 Prokopchuk,E-Volzhin,A/Tomsk 2001/CBM 82 ext (17)}) (13. Bf4
Nc5 14. Nd6+ Bxd6 15. exd6 Nxb3 16. Qxb3 O-O 17. Rfd1 Qf6 18. Qc2 Bd7 19. Bg5
Qg6 20. Qxg6 hxg6 21. Nxd4 Nxd4 22. Rxd4 f6 23. Be3 a5 $14 {1/2-1/2 Peng,
Z-Skripchenko Lautier,A/Leon 2001/EXT 2002 (40)}) (13. Bg5 O-O 14. Bxe7 Qxe7
15. Rc1 Bb7 16. Bc2 Rab8 17. Nxd4 {1/2-1/2 Gleizerov,E-Skripchenko Lautier,A/
Saint Vincent 2001/CBM 80 ext (17)}) 13... Ncxe5 (13... Ndxe5 14. Nxc6 Qxd1 (
14... Nxc6 15. Qxd8+ Bxd8 16. Rd1 O-O 17. Be3 Bf6 18. Rac1 $44) 15. Rxd1 Nxc6
16. Bf4 Bb7 17. Rac1 $44) 14. Bf4 (14. Qe2 $5 Nxc4 (14... Ng6 15. Nc6 Qc7 16.
Nxe7 Nxe7 17. Rd1 O-O 18. Be3 Nd5 19. Rac1 $44) 15. Nc6 Qc7 16. Nxe7 Na5 17.
Bd5 Bb7 18. Bxb7 Qxb7 19. Bg5 h6 20. Ng6 $13) 14... Nxc4 15. Nc6 (15. Bxc4 Nb6
16. Bb3 Bf6 (16... Bb7 $5) 17. Nc6 Qxd1 18. Rfxd1 O-O 19. a5 $14 {1/2-1/2
Lautier,J-Rublevsky,S/Poikovsky 2003/CBM 95/[Huzman] (50)}) 15... Qb6 (15...
Nxb2 16. Qd2 Qb6 17. Nxe7 Kxe7 18. Qxb2 $44 {[%cal Ga1c1,Gc1c7,Yb2g7]}) 16.
Nxe7 Kxe7 (16... Na5 17. Rc1 Kxe7 (17... Nxb3 18. Nxc8 Qd4 19. Rc7 $18) 18. Bc7
$16) 17. Bxc4 Bb7 18. Qd2 (18. Rc1 Rhd8 (18... Rac8 $5) 19. Qh5 Nf6 20. Qh3
Rac8 {1/2-1/2 Chabanon,J-Skripchenko,A/Aix les Bains FRA 2003/(43)}) 18... Rhc8
19. Rfd1 {This move results in a drawish position marked by the
opposite-coloured Bs} ({The following would alllow to fight for an advantage} 
19. b3 $5 Nf6 (19... Qc6 20. f3 (20. Qxb4+ Ke8 21. f3 Qb6+ 22. Qxb6 Nxb6 23.
Bd3 Nd5 $11) 20... Qc5+ 21. Kh1 $44 (21. Be3 Qd6 22. Qf2 Kf8 23. Rad1 Bd5 $15)
21... Bd5) 20. a5 Qc6 21. Qxb4+ Ke8 22. f3 Qc5+ 23. Qxc5 Rxc5 $14) 19... Rxc4
20. Qxd7+ Kf8 (20... Kf6 $6 21. Rd6 $1 (21. Bd6 Qc6 22. Be7+ Kg6 23. Qxc6 Bxc6
24. Rdc1 Rxc1+ 25. Rxc1 Bxa4 26. Bxb4 Rd8 $17) (21. Qd2 Qc6 22. f3 Kg6 23. Qd3+
f5 24. Be5 Rc2 $17) 21... Qc5 22. Re1 $1 Be4 $1 (22... Bd5 23. Be3 $1 Qc8 $140
(23... Re4 24. h3 Qc8 25. Rxd5 exd5 26. Qxd5 $40) 24. Rxd5 $18) (22... Re4 23.
Be3 Qc8 24. f3 Qxd7 25. Rxd7 Bc6 26. Bd4+ Kg6 27. Rxe4 Bxd7 28. Rg4+ Kf5 29.
Rxg7 e5 30. Bc5 Ke6 31. Bxb4 $16) 23. Be3 Qf5 24. f3 Bd5 25. Rd1 $1 Bxf3 26.
gxf3 Qxf3 27. Bd4+ Kg6 $13 28. Rxe6+ fxe6 29. Qxg7+ Kh5 30. Qxh7+ Kg5 $11) 21.
a5 Qc6 22. Bd6+ Kg8 23. Qxc6 Bxc6 (23... Rxc6 24. Bxb4 Rc4 25. Bc3 $11) 24.
Rac1 $1 $11 Rxc1 25. Rxc1 Rc8 26. Bxb4 f6 27. f3 Kf7 28. Kf2 Bd7 29. Rxc8 Bxc8
30. f4 Bd7 31. h4 Kg6 32. Bf8 Bb5 33. b4 Kf7 1/2-1/2

[Event "Hastings 9899"]
[Site "Hastings"]
[Date "1998.12.31"]
[Round "3"]
[White "Sokolov, Ivan"]
[Black "Sadler, Matthew D"]
[Result "1/2-1/2"]
[WhiteElo "2620"]
[BlackElo "2660"]
[Annotator "Huzman,A"]
[PlyCount "40"]
[EventDate "1998.12.29"]
[EventType "tourn"]
[EventRounds "9"]
[EventCountry "ENG"]
[EventCategory "13"]
[SourceTitle "CBM 069"]
[Source "ChessBase"]
[SourceDate "1999.04.01"]
[SourceVersion "1"]
[SourceVersionDate "1999.04.01"]
[SourceQuality "1"]

1. d4 d5 2. c4 dxc4 3. Nf3 a6 4. e3 Nf6 5. Bxc4 e6 6. O-O c5 7. Bb3 cxd4 8.
exd4 Nc6 9. Nc3 Be7 10. Re1 O-O 11. Bg5 b5 12. d5 Nxd5 13. Bxd5 exd5 14. Qxd5
Qxd5 15. Nxd5 Bxg5 16. Nxg5 Bb7 17. Ne4 Nd4 (17... Rfd8 18. Rad1 (18. Nb6 $5
Rab8 19. Nc5 {[%cal Gc5d7,Gd7b8]} Nb4 $1 (19... Nd4 20. Nbd7 $1 (20. Rad1 Bc6
21. Nbd7 $1 Bxd7 22. Rxd4 Be6 $1 23. Nxe6 (23. Rde4 Bxa2 24. Nxa6 Rbc8 $11)
23... fxe6 24. Rde4 Rb6 $11) 20... Rbc8 (20... Nc2 21. Nxb8 Nxa1 22. Nbd7 Nc2
23. Nxb7 $18) 21. Rad1 Nc2 22. Nxb7 Rxd7 23. Rxd7 Nxe1 24. Kf1 Nc2 25. Nd6 $16)
20. Rad1 (20. Re7 Bc6 21. Nbd7 Bxd7 22. Nxd7 Rbc8 $15) 20... Bc6 21. a3 Nc2 (
21... Nd3 22. Rxd3 Rxd3 23. Nxd3 Rxb6 24. b4 $14) 22. Rxd8+ Rxd8 23. Rc1 Nd4 (
23... a5 24. Kf1 $14) (23... b4 $5 24. a4 $1 Nd4 25. Kf1 $36) (23... Rd2 24.
Nb3 Nd4 25. Nxd4 (25. Nxd2 Ne2+ 26. Kf1 Nxc1 $15 {[%csl Rb6]}) 25... Rxd4 26.
Kf1 $14) 24. Kf1 a5 25. Rd1 b4 26. a4 $36) 18... Nd4 (18... Ne5 19. Nb6 Rxd1 (
19... Rab8 20. Nc5 Rxd1 21. Rxd1 h6 22. f4 $16) 20. Rxd1 Re8 21. Nc5 $14) 19.
Nb6 (19. Nc7 $1 Rac8 (19... Ne2+ 20. Kf1 Rxd1 21. Rxd1 Rc8 22. Nc5 $16) 20. Nc5
h6 (20... Bc6 21. N7xa6 Nc2 22. Rxd8+ Rxd8 23. Rc1 $16) 21. Nxb7 Ne2+ 22. Kf1
Rxd1 23. Rxd1 Rxc7 24. Kxe2 Rxb7 25. Rd6 $16) 19... Rab8 20. Nc5 Bc6 21. Nbd7
Bxd7 22. Rxd4 Be6 $1 $11 23. Nxe6 {1/2-1/2 Sokolov,I-Anand,V/Wijk aan Zee 1999/
CBM 69_07 (23)}) 18. Ne7+ Kh8 19. Rac1 Bxe4 20. Rxe4 Rfd8 1/2-1/2

[Event "Olympiad-33"]
[Site "Elista"]
[Date "1998.10.02"]
[Round "4.1"]
[White "Jussupow, Artur"]
[Black "Sorokin, Maxim"]
[Result "1-0"]
[WhiteElo "2640"]
[BlackElo "2570"]
[Annotator "Huzman,A"]
[PlyCount "77"]
[EventDate "1998.09.29"]
[EventType "team-swiss"]
[EventRounds "13"]
[EventCountry "RUS"]
[SourceTitle "CBM 068"]
[Source "ChessBase"]
[SourceDate "1999.02.01"]
[SourceVersion "1"]
[SourceVersionDate "1999.02.01"]
[SourceQuality "1"]
[WhiteTeam "Germany"]
[BlackTeam "Argentina"]
[WhiteTeamCountry "GER"]
[BlackTeamCountry "ARG"]

1. d4 d5 2. c4 dxc4 3. e3 e6 4. Bxc4 a6 5. Nf3 c5 6. Bd3 Nf6 7. O-O Nc6 8. Nc3
cxd4 9. exd4 Be7 10. Bg5 O-O 11. Rc1 Bd7 12. Re1 Rc8 (12... Nb4 13. Bb1 Rc8 14.
Ne5 Bc6 15. Re3 g6 16. Rg3 Nbd5 17. Bh6 Re8 18. Bxg6 fxg6 19. Nxg6 hxg6 20. Qd3
{1-0 Lukacs,P-Klundt,K/AUT-chT 1994/TD}) 13. a3 Re8 (13... Nd5 14. Nxd5 Bxg5
15. Nxg5 Qxg5 16. Nb6 Rcd8 17. Rc5 e5 18. Nxd7 Rxd7 19. dxe5 Qd8 20. Rc3 g6 21.
Qe2 $16 {1-0 Gligoric,S-Marjanovic,S/Belgrade 1987/CBM 04 (34)}) 14. Bb1 {
[%cal Gd1d3,Gb1h7]} g6 (14... Nd5 15. Nxd5 (15. Qd3 g6 16. Nxd5 Bxg5 17. Nxg5
exd5 $11) 15... Bxg5 16. Nxg5 Qxg5 17. Nb6 (17. Ne3 Red8 $132 {[%cal Yd7e8]})
17... Rcd8 18. Be4 $14) 15. Ba2 Na7 (15... Nd5 16. Nxd5 Bxg5 17. Nxg5 Qxg5 (
17... exd5 18. Rxe8+ Bxe8 19. Nf3 $14 {[%csl Rd5]}) 18. Nb6 Rcd8 19. d5 $36)
16. Ne5 Bc6 17. Qe2 (17. Nxf7 Kxf7 18. Bxe6+ Kg7 19. Bxc8 Nxc8 $13) 17... Nd5
18. Bh6 {[%cal Ge5f7,Ge1e6]} Bf8 19. Qd2 Nb5 (19... Nxc3 20. bxc3 Bxa3 21. Qf4
Rc7 22. Ra1 $44 {[%cal Gh6g5,Ge5g4,Gg4f6,Gg4h6]}) 20. Ne4 $36 {[%csl Rf6]} Nd6
21. Bxd5 Bxd5 $2 (21... exd5 22. Nc5 (22. Nxd6 Bxd6 23. Bg5 (23. Bf4 $5 $14)
23... f6 (23... Qc7 24. Ng4 $16) 24. Nxc6 (24. Bh4 g5) 24... Rxe1+ 25. Qxe1 (
25. Rxe1 Rxc6 $14 {/=}) 25... Rxc6 26. Rxc6 bxc6 27. Qe6+ Kg7 $11) 22... Nc4 $1
23. Nxc4 Rxe1+ 24. Rxe1 Bxh6 25. Qxh6 dxc4 26. Qf4 $11) 22. Rxc8 Nxc8 23. Bg5
Be7 24. Qf4 $1 $16 Bxe4 (24... f5 25. Bxe7 Qxe7 26. Nc3 $16 {[%csl Rg8][%cal
Gh2h5]}) 25. Qxf7+ Kh8 26. Bh6 $2 (26. Bf4 $5 Bf5 (26... Bf6 27. Rxe4 $18) 27.
Nxg6+ $18) (26. Bxe7 Rxe7 27. Rxe4 $18) 26... Bf8 $2 (26... Bf6 27. Nd7 Bxd4
28. Bg5 Nd6 29. Bxd8 Nxf7 30. Bf6+ Bxf6 31. Nxf6 Rc8 32. Nxe4 Rc2 $11) 27. Bxf8
Rxf8 28. Rxe4 $18 Nd6 29. Nxg6+ $1 hxg6 30. Rh4+ $1 Qxh4 31. Qxf8+ Kh7 32. Qxd6
Qe4 33. Qc7+ Kh6 34. Qc1+ g5 35. g3 Kh5 (35... Qxd4 36. h4 $18) 36. Qd1+ Kg6
37. h3 Kf6 38. Qd2 b5 39. Kh2 1-0

[Event "Zalaegerszeg"]
[Site "Zalaegerszeg"]
[Date "2004.04.28"]
[Round "5"]
[White "Ruck, Robert"]
[Black "Horvath, Adam"]
[Result "1-0"]
[WhiteElo "2556"]
[BlackElo "2517"]
[Annotator "Huzman,A"]
[PlyCount "65"]
[EventDate "2004.04.24"]
[EventType "tourn"]
[EventRounds "9"]
[EventCountry "HUN"]
[EventCategory "13"]
[SourceTitle "CBM 101"]
[Source "ChessBase"]
[SourceDate "2004.07.27"]
[SourceVersion "1"]
[SourceVersionDate "2004.07.27"]
[SourceQuality "1"]

1. d4 d5 2. c4 dxc4 3. Nf3 Nf6 4. e3 e6 5. Bxc4 a6 6. O-O c5 7. Bb3 b5 8. a4 b4
9. Nbd2 Bb7 10. Nc4 Nbd7 11. a5 Be7 12. Ba4 (12. Qe2 O-O 13. Nfe5 (13. Rd1 Qc7
14. Bd2 Bd5 15. Rdc1 Qb7 16. Ba4 Rad8 17. Ne1 cxd4 (17... Ne4 $5) 18. exd4 Ne4
19. Bf4 Ndf6 20. Nb6 $14 {1-0 Jovanic,O-Plenkovic,Z/Rabac 2003/CBM 97 ext (36)}
) 13... Qc7 14. Bd2 Rac8 (14... Bd5 15. Rfc1 Qb7 16. Ba4 cxd4 17. exd4 Bxg2 18.
f3 Nxe5 19. Nxe5 Bh3 20. Bc6 Qa7 21. Bxa8 Qxd4+ 22. Qe3 Qxe3+ 23. Bxe3 Rxa8 24.
Bc5 $14 {1-0 Duppel,M-Zeller,F/Wuerttenberg 1999/EXT 2002 (40)}) 15. Rfc1 Qb8
16. Ba4 Rc7 17. Bxd7 Nxd7 18. Nxd7 Rxd7 19. Nb6 Rc7 20. dxc5 Bxc5 21. Rxc5 Rxc5
22. Bxb4 $2 (22. Nd7 Qd6 23. Nxc5 Qxc5 24. Qg4 Rc8 25. Qxb4 Qd5 26. f3 Rc2 $44)
22... Rg5 $17 {0-1 Siebert,L-Huebner,W/Cologne 1993/EXT 2002 (56)}) 12... O-O
13. Qe2 Qc7 14. Bd2 {Black'd better keep the tension avoiding to burst the
"c"-file open} cxd4 $6 (14... Ng4 $5 15. e4 (15. g3 Ngf6 {[%cal Yb7h1]}) 15...
cxd4 16. Bxd7 (16. Rfc1 d3 17. Qxd3 Nc5 18. Qe2 Bxe4 $17) (16. h3 Ngf6 17. e5
Bxf3 $17) 16... Qxd7 17. Nb6 d3 $1 18. Qe1 Qb5 19. Nxa8 Rxa8 $44) 15. Nxd4 Bd5
(15... Rad8 16. Rfc1 Ne5 (16... Qb8 17. Nc6 Bxc6 18. Bxc6 $14) 17. Nxe5 Qxe5
18. Bc6 $14) 16. Rfc1 Qb7 17. f3 $1 Rac8 18. Rc2 g6 (18... Bxc4 $5 19. Rxc4
Rxc4 20. Qxc4 Ne5 21. Qe2 Rc8 $132) 19. Rac1 e5 20. Nb3 $14 Be6 (20... e4 $142
21. f4 Rc7 22. Nd4 Rfc8 23. b3 Bc5 24. Ne5 $36) 21. e4 $16 Nc5 22. Nxc5 (22.
Nd6 $1 Bxd6 23. Nxc5 Bxc5+ 24. Rxc5 Rxc5 25. Rxc5 Nd7 26. Rc1 $16) 22... Bxc5+
23. Kh1 b3 $2 {Looking for a counterplay, Black overlooks a tactical refutation
} ({It would be better to think of defence:} 23... Qb8 24. b3 (24. Bg5 Kg7 (
24... Nd7 25. Bxd7 Bxd7 26. Bf6 Rfe8 27. Nxe5 $1 Rxe5 28. Qd2 Rh5 (28... Be6
29. Bxe5 Qxe5 30. f4 Qh5 31. f5 $18) 29. e5 $16) 25. Qd2 $1 b3 (25... Ng8 26.
Nxe5 $1 Qxe5 27. Bf4 Qd4 28. Rxc5 $18) 26. Rc3 Bb4 27. Bh6+ Kg8 28. Bxf8 Bxc3 (
28... Rxf8 29. Bxb3 $16) 29. Rxc3 Kxf8 30. Bxb3 Qb4 $44) 24... Rfd8 25. Bg5 Be7
26. Ne3 $14) 24. Rc3 Qb4 $2 {[%mdl 8192]} (24... Qb8 25. Rxb3 Qc7 26. Nb6 Bxb3
27. Bxb3 $16) 25. Nb6 $1 $18 Qxa5 (25... Bxb6 26. Rxc8 Qxa4 27. Rxf8+ Kxf8 28.
axb6 $18) 26. Nxc8 Bb4 27. Ne7+ Bxe7 28. Bxb3 Bxb3 29. Rxb3 Qa4 30. Rb7 Re8 31.
Bc3 Qc6 32. Ra7 Nh5 33. g3 1-0